000 00517nam a22001697a 4500
999 _c8437
_d8437
008 201124b ||||| |||| 00| 0 eng d
040 _aBMS College of Architecture
100 _aGeorge,Cyril
245 _aNir-vana: a palliative care center
300 _a34p.
500 _a1BM14AT027
502 _8B,Arch
_NBMS College of Architecture, Visvesvaraya Technological University
_aProject report
_d2018
650 _aNA
700 _aShreedhar K Morab
_eGuide
700 _aShantesh Kelvekar
_eGuide
942 _2ddc
_cTHE